[Event "24th Abu Dhabi Masters"]
[Site "Abu Dhabi UAE"]
[Date "2017.08.17"]
[Round "4.33"]
[White "Pazos Porta, Antonio"]
[Black "Asgarizadeh, Ahmad"]
[Result "1-0"]
[WhiteTitle "FM"]
[BlackTitle "IM"]
[WhiteElo "2325"]
[BlackElo "2423"]
[WhiteFideId "2263190"]
[BlackFideId "12505684"]
[EventDate "2017.08.14"]

1. e4 e5 2. Nf3 Nc6 3. Bb5 a6 4. Ba4 Nf6 5. O-O Be7 6. d3 d6 7. c3 O-O 8. Re1 b5
9. Bb3 Na5 10. Bc2 c5 11. Nbd2 Re8 12. Nf1 h6 13. h3 Bf8 14. Ne3 Bb7 15. Nh2 d5
16. Nhg4 dxe4 17. dxe4 Nxg4 18. Qxg4 Qf6 19. Nd5 Bxd5 20. exd5 Nc4 21. a4 Nd6
22. Be3 c4 23. axb5 axb5 24. Rxa8 Rxa8 25. f4 Ra2 26. Bc1 exf4 27. Qxf4 Qd8 28.
Qg4 Qb6+ 29. Kh2 b4 30. Bb1 b3 31. Be3 Qb8 32. Bxh6 Rxb2 33. Bf4 Qb7 34. Qh4 f5
35. Rd1 Rxb1 36. Rxb1 Be7 37. Qe1 Ne4 38. d6 Bf6 39. Qf1 Qc6 40. d7 g5 41. Rd1
Bd8 42. Be5 Qe6 43. Bd4 Kh7 44. Kg1 Kg6 45. Re1 Bc7 46. g4 Qxd7 47. Rxe4 1-0

[Event "24th Abu Dhabi Masters"]
[Site "Abu Dhabi UAE"]
[Date "2017.08.17"]
[Round "4.34"]
[White "Fawzy, Adham"]
[Black "Prieto Aranguren, Alain"]
[Result "1-0"]
[WhiteTitle "IM"]
[WhiteElo "2422"]
[BlackElo "2286"]
[WhiteFideId "10613129"]
[BlackFideId "2268906"]
[EventDate "2017.08.14"]

1. e4 c6 2. d4 d5 3. Nc3 dxe4 4. Nxe4 Bf5 5. Ng3 Bg6 6. N1e2 e6 7. Nf4 Bd6 8. c3
Qc7 9. Qf3 Nd7 10. h4 e5 11. Nxg6 hxg6 12. Bg5 Ngf6 13. Ne4 exd4 14. O-O-O O-O-O
15. Nxd6+ Qxd6 16. Rxd4 Qe7 17. g3 Kb8 18. Bh3 Nb6 19. Rhd1 Rxd4 20. Rxd4 Re8
21. Qd1 Nbd5 22. c4 Nb6 23. Bf4+ Ka8 24. Bd6 Qe1 25. Qxe1 Rxe1+ 26. Kd2 Re8 27.
Kd3 Nbd7 28. b4 a6 29. f4 Nf8 30. Be5 Nh5 31. g4 Nf6 32. Rd6 N8d7 33. Bd4 c5 34.
bxc5 Nf8 35. Bxf6 gxf6 36. Rxf6 Re7 37. g5 Nd7 38. Bxd7 Rxd7+ 39. Kc3 Rc7 40. f5
gxf5 41. Rxf5 Re7 42. h5 Re3+ 43. Kd4 Rh3 44. h6 Rh4+ 1-0

[Event "24th Abu Dhabi Masters"]
[Site "Abu Dhabi UAE"]
[Date "2017.08.17"]
[Round "4.35"]
[White "Chifor, Ovidiu-Emanuel"]
[Black "Vogt, Lothar"]
[Result "1/2-1/2"]
[BlackTitle "GM"]
[WhiteElo "2245"]
[BlackElo "2420"]
[WhiteFideId "1215400"]
[BlackFideId "4611292"]
[EventDate "2017.08.14"]

1. d4 Nf6 2. c4 g6 3. Nf3 Bg7 4. g3 O-O 5. Bg2 d6 6. O-O Nbd7 7. Nc3 e5 8. e4
exd4 9. Nxd4 Re8 10. h3 Nc5 11. Re1 Bd7 12. Rb1 h6 13. b4 Ne6 14. Be3 Ng5 15.
Bxg5 hxg5 16. c5 a5 17. cxd6 axb4 18. dxc7 Qxc7 19. Ncb5 Bxb5 20. Nxb5 Qc5 21.
Nd6 Rxa2 22. Rf1 Re6 23. Nxb7 Qe7 24. Qb3 Ra7 25. Qxb4 Qxb4 26. Rxb4 Bf8 27. Rb5
Nxe4 28. Nd8 Re8 29. Nc6 Rc7 30. Re1 1/2-1/2

[Event "24th Abu Dhabi Masters"]
[Site "Abu Dhabi UAE"]
[Date "2017.08.17"]
[Round "4.36"]
[White "Omidi, Arya"]
[Black "Gurpreet, Singh Maras"]
[Result "1-0"]
[WhiteElo "2415"]
[BlackElo "2247"]
[WhiteFideId "12508780"]
[BlackFideId "5014433"]
[EventDate "2017.08.14"]

1. e4 c6 2. Nc3 d5 3. d4 dxe4 4. Nxe4 Bf5 5. Ng3 Bg6 6. Nh3 Nf6 7. Nf4 e5 8.
dxe5 Qa5+ 9. c3 Qxe5+ 10. Be2 Bc5 11. O-O Nbd7 12. Nd3 Qc7 13. Nxc5 Nxc5 14. f4
Nce4 15. f5 Qb6+ 16. Kh1 Nf2+ 17. Rxf2 Qxf2 18. Qg1 Qxg1+ 19. Kxg1 O-O-O 20.
fxg6 hxg6 21. Be3 b6 22. Rf1 Rhe8 23. Bd4 Rd6 24. Bf3 c5 25. Bxf6 Rxf6 26. Ne4
Rfe6 27. Ng5 R6e7 28. Nxf7 Rxf7 29. Bg4+ Rf5 30. Bxf5+ gxf5 31. Rxf5 Re7 32. Kf2
Kd7 33. Kg3 Kc6 34. Rf2 b5 35. Kg4 a5 36. Kg5 c4 37. a3 b4 38. axb4 axb4 39.
cxb4 Kb5 40. g4 Kxb4 41. h4 Kb3 42. Kg6 Rd7 43. g5 Rc7 44. h5 Rd7 45. h6 gxh6
46. Kxh6 Rd1 47. g6 Rh1+ 48. Kg5 1-0

[Event "24th Abu Dhabi Masters"]
[Site "Abu Dhabi UAE"]
[Date "2017.08.17"]
[Round "4.37"]
[White "Jonkman, Harmen"]
[Black "Manafov, Vugar"]
[Result "1-0"]
[WhiteTitle "GM"]
[WhiteElo "2402"]
[BlackElo "2240"]
[WhiteFideId "1002708"]
[BlackFideId "13410814"]
[EventDate "2017.08.14"]

1. e4 Nf6 2. e5 Nd5 3. d4 d6 4. Nf3 g6 5. Bc4 Nb6 6. Bb3 Bg7 7. exd6 cxd6 8. O-O
O-O 9. c3 Bf5 10. Re1 N8d7 11. Nh4 Bxb1 12. Rxb1 Nf6 13. d5 a6 14. Be3 Nbd7 15.
Qe2 Re8 16. Rbd1 Rc8 17. a3 Qc7 18. Bd4 b5 19. Nf3 Nb6 20. Bxb6 Qxb6 21. Nd4 Nd7
22. h4 Ne5 23. h5 Rc5 24. Nf3 a5 25. Nxe5 Bxe5 26. Rd3 b4 27. cxb4 axb4 28. a4
Rec8 29. Qd2 Qc7 30. g3 Rc1 31. Re3 Qc5 32. Kg2 Rc7 33. h6 Rxe1 34. Rxe1 Kf8 35.
Re4 Qa7 36. Rxb4 f5 37. g4 fxg4 38. Bc4 Kf7 39. Be2 Rb7 40. Bb5 Rc7 41. Bc6 Qc5
42. Rxg4 Rxc6 43. dxc6 Qxc6+ 44. Kg1 Qf3 45. Rb4 Qh3 46. Qd5+ e6 47. Qg2 Qd3 48.
Qe4 Qh3 49. Qg4 Qd3 50. Kg2 Ke7 51. Rb7+ Kd8 52. Qf3 1-0

[Event "24th Abu Dhabi Masters"]
[Site "Abu Dhabi UAE"]
[Date "2017.08.17"]
[Round "4.38"]
[White "Karavade, Eesha"]
[Black "Nandhidhaa, PV"]
[Result "1-0"]
[WhiteTitle "IM"]
[BlackTitle "WIM"]
[WhiteElo "2397"]
[BlackElo "2182"]
[WhiteFideId "5012600"]
[BlackFideId "5050847"]
[EventDate "2017.08.14"]

1. e4 c5 2. Nf3 e6 3. d4 cxd4 4. Nxd4 a6 5. c4 Nf6 6. Nc3 Qc7 7. Be2 Bb4 8. Nc2
Bxc3+ 9. bxc3 O-O 10. Ba3 Re8 11. Bd6 Qa5 12. Qd3 b5 13. c5 Bb7 14. f3 Rc8 15.
Nd4 Ne8 16. Nb3 Qd8 17. Bg3 Ra7 18. O-O Nc6 19. Rfd1 Ba8 20. a4 bxa4 21. Rxa4 a5
22. Qd2 Qe7 23. Rda1 Bb7 24. Bf2 Rca8 25. Bb5 Nc7 26. c4 h6 27. Qd6 Qd8 28. Rd1
Ne8 29. Qxd7 Qxd7 30. Rxd7 Rc8 31. Nd4 Nxd4 32. Bxd4 e5 33. Be3 Nf6 34. c6 Rxc6
35. Rd8+ 1-0

[Event "24th Abu Dhabi Masters"]
[Site "Abu Dhabi UAE"]
[Date "2017.08.17"]
[Round "4.39"]
[White "Mahalakshmi, M"]
[Black "Illingworth, Max"]
[Result "0-1"]
[WhiteTitle "WIM"]
[BlackTitle "GM"]
[WhiteElo "2140"]
[BlackElo "2506"]
[WhiteFideId "5001080"]
[BlackFideId "3205207"]
[EventDate "2017.08.14"]

1. d4 Nf6 2. Bf4 g6 3. Nc3 d5 4. e3 Bg7 5. h4 h5 6. Nf3 O-O 7. Be2 c5 8. dxc5
Nbd7 9. Nxd5 Nxd5 10. Qxd5 Bxb2 11. Rb1 Qa5+ 12. Kf1 Bg7 13. Rb5 Qc3 14. Bd3 a6
15. Rb1 Nxc5 16. Be5 Bxe5 17. Qxe5 Qxe5 18. Nxe5 Be6 19. g4 hxg4 20. h5 g5 21.
h6 Bxa2 22. Rb4 Rfd8 23. Rxg4 f6 24. Ng6 Nxd3 25. h7+ Kg7 26. h8=Q+ Rxh8 27.
Nxh8 Ne5 28. Rg3 Rxh8 29. Rhg1 Rc8 30. f4 Nf7 31. R3g2 Bb1 32. Rd2 Rxc2 33. Rd7
Rc1+ 34. Kf2 Rxg1 35. Kxg1 gxf4 36. Rxb7 Bd3 37. Rxe7 fxe3 38. Rxe3 Ne5 39. Rg3+
Kf7 40. Kf2 a5 41. Ke3 a4 42. Kd2 a3 43. Kc3 a2 44. Kb2 Bc4 45. Rg1 Ke6 46. Ka1
f5 47. Re1 f4 48. Rh1 f3 49. Re1 f2 50. Rh1 Ng4 51. Rc1 Ne3 0-1

[Event "24th Abu Dhabi Masters"]
[Site "Abu Dhabi UAE"]
[Date "2017.08.17"]
[Round "4.40"]
[White "Shailesh, Dravid"]
[Black "Raetsky, Alexander"]
[Result "1-0"]
[BlackTitle "GM"]
[WhiteElo "2254"]
[BlackElo "2381"]
[WhiteFideId "25017969"]
[BlackFideId "4103203"]
[EventDate "2017.08.14"]

1. e4 e5 2. Nf3 Nf6 3. Nc3 Bb4 4. Nxe5 O-O 5. Nd3 Bxc3 6. dxc3 Nxe4 7. Be2 Re8
8. O-O d6 9. Be3 h6 10. Re1 Bf5 11. Nf4 Bh7 12. Bf1 Nd7 13. f3 Nef6 14. Qd2 Ne5
15. b3 Qd7 16. Rad1 Re7 17. c4 Rae8 18. Bf2 Qf5 19. Nd3 a6 20. Re3 Nxd3 21. cxd3
Rxe3 22. Bxe3 Nd7 23. Bf2 Kf8 24. d4 Qc2 25. Qxc2 Bxc2 26. Rd2 Bb1 27. Be2 a5
28. Kf1 g5 29. c5 dxc5 30. dxc5 Ne5 31. Bg3 Kg7 32. f4 gxf4 33. Bxf4 Kg6 34. g3
Be4 35. Kf2 h5 36. a3 f6 37. b4 axb4 38. axb4 Re7 39. Bxe5 fxe5 40. Ke3 Bf5 41.
Rd8 Rh7 42. Rg8+ Kf7 1-0

[Event "24th Abu Dhabi Masters"]
[Site "Abu Dhabi UAE"]
[Date "2017.08.17"]
[Round "4.41"]
[White "Hedman, Erik"]
[Black "Patil, Pratik"]
[Result "1-0"]
[WhiteTitle "FM"]
[WhiteElo "2376"]
[BlackElo "2246"]
[WhiteFideId "1702351"]
[BlackFideId "5038758"]
[EventDate "2017.08.14"]

1. d4 Nf6 2. c4 g6 3. Nf3 Bg7 4. g3 O-O 5. Bg2 d5 6. cxd5 Nxd5 7. O-O Nb6 8. Nc3
Nc6 9. e3 Re8 10. d5 Na5 11. Nd4 Nac4 12. a4 a5 13. b3 Nd6 14. Ba3 Bd7 15. Rc1
Rb8 16. Qd2 e5 17. dxe6 fxe6 18. Rfd1 Bf8 19. Nb1 e5 20. Ne2 Be6 21. Qc3 Re7 22.
Nd2 Rd7 23. Bb2 Nf7 24. Qc2 Nd5 25. Ne4 c6 26. Nf4 Bf5 27. Nd3 b6 28. Nxe5 Nxe5
29. Bxe5 Rc8 30. Qc4 Be6 31. Nf6+ 1-0

[Event "24th Abu Dhabi Masters"]
[Site "Abu Dhabi UAE"]
[Date "2017.08.17"]
[Round "4.42"]
[White "Jeet, Jain"]
[Black "Kumar, Gaurav"]
[Result "1/2-1/2"]
[WhiteElo "2361"]
[BlackElo "2210"]
[WhiteFideId "5073022"]
[BlackFideId "5085578"]
[EventDate "2017.08.14"]

1. e4 e5 2. Nf3 Nc6 3. Bc4 Nf6 4. d3 Be7 5. O-O O-O 6. Re1 d6 7. a4 Na5 8. Ba2
c5 9. c3 Nc6 10. Na3 a6 11. Bd2 Rb8 12. b4 cxb4 13. cxb4 d5 14. Nc2 Bg4 15. b5
axb5 16. axb5 Na7 17. exd5 Nxb5 18. Rxe5 Bd6 19. Re1 Qc7 20. Rc1 Bxh2+ 21. Kh1
Bd6 22. Bc4 Qd7 23. Ne3 Bh5 24. Bxb5 Qxb5 25. Rc4 Nxd5 26. Nf5 Qd7 27. Nxd6 Qxd6
28. Rd4 Qc6 29. Re5 Nf6 30. Rf4 Ng4 31. Re2 Rbd8 32. d4 Rfe8 33. Rxe8+ Rxe8 34.
Kg1 Nf6 35. Qb3 Qd5 36. Qa4 b5 37. Qa7 h6 38. Ne5 Kh7 39. Rf5 Bg6 40. Rf3 Ra8
41. Qb6 Ra1+ 42. Kh2 Qe4 43. Rf4 Qc2 44. Be3 Qb1 45. Rxf6 gxf6 46. Ng4 Qf5 47.
Nxf6+ Kg7 48. Qd8 Qe6 49. Ne8+ Kh7 50. Nf6+ Kg7 51. Ne8+ Kh7 52. Nf6+ Kg7 53.
Ne8+ 1/2-1/2

[Event "24th Abu Dhabi Masters"]
[Site "Abu Dhabi UAE"]
[Date "2017.08.17"]
[Round "4.43"]
[White "Medarde Santiago, Luis Marcos"]
[Black "Ayyad, Husain"]
[Result "1-0"]
[WhiteTitle "FM"]
[BlackTitle "FM"]
[WhiteElo "2332"]
[BlackElo "2208"]
[WhiteFideId "2263076"]
[BlackFideId "11200243"]
[EventDate "2017.08.14"]

1. e4 e6 2. d4 d5 3. Bd3 c5 4. exd5 exd5 5. Nf3 c4 6. Be2 Nf6 7. O-O Bd6 8. b3
cxb3 9. axb3 h6 10. c4 O-O 11. Nc3 Nc6 12. cxd5 Nb4 13. Nb5 Bf5 14. Ba3 Re8 15.
Bc4 a5 16. Ne5 Rb8 17. Re1 Be4 18. Ng4 Bf8 19. d6 Bxd6 20. Nxf6+ Qxf6 21. Nxd6
Qxd6 22. Qh5 Bg6 23. Qxa5 Rxe1+ 24. Rxe1 1-0

[Event "24th Abu Dhabi Masters"]
[Site "Abu Dhabi UAE"]
[Date "2017.08.17"]
[Round "4.44"]
[White "Saurabh, Anand"]
[Black "Abhilash, Reddy M.L."]
[Result "1-0"]
[WhiteElo "2332"]
[BlackElo "2188"]
[WhiteFideId "5094496"]
[BlackFideId "5024668"]
[EventDate "2017.08.14"]

1. e4 c5 2. Nf3 d6 3. d4 cxd4 4. Nxd4 Nf6 5. Nc3 g6 6. Be3 Bg7 7. f3 Nc6 8. Qd2
O-O 9. Bc4 Bd7 10. O-O-O Rb8 11. Bb3 Na5 12. Kb1 b5 13. h4 Nc4 14. Bxc4 bxc4 15.
g4 Qb6 16. b3 Qc7 17. Bg5 cxb3 18. cxb3 Rfc8 19. Bxf6 Qxc3 20. Bxe7 Qc5 21. g5
Qe5 22. Bf6 Bxf6 23. gxf6 Qxf6 24. h5 Rc5 25. hxg6 hxg6 26. Qh6 Qg7 27. Qh4 Re8
28. Ne2 Rh5 29. Qe1 Qh6 30. Rxh5 Qxh5 31. Qf2 Bb5 32. Nc3 Rc8 33. Nxb5 Qxb5 34.
Rxd6 a5 35. Rd5 Qc6 36. Qd2 a4 37. Rd8+ Rxd8 38. Qxd8+ Kh7 39. Qd3 axb3 40. axb3
Qb6 41. Kb2 Qf2+ 42. Kc1 Qe1+ 43. Kc2 Qf2+ 44. Kd1 Qg1+ 45. Kd2 Qf2+ 46. Qe2 Qc5
47. Qe3 Qd6+ 48. Kc2 Qa6 49. Kb2 Qb5 50. e5 Qb4 51. Qc3 Qb5 52. b4 Qd5 53. Qe3
Kg7 54. Qf4 Qd3 55. Qf6+ Kg8 56. f4 Qd4+ 57. Kb3 Qd3+ 58. Ka4 Qd7+ 59. b5 Qa7+
60. Kb4 Qd4+ 61. Ka5 Qa7+ 62. Qa6 Qc5 63. Qd6 Qa7+ 64. Kb4 Qe3 65. b6 Qxf4+ 66.
Ka5 Qf3 67. Qd8+ Kh7 68. Qc7 Qd5+ 69. Ka6 Qa8+ 70. Qa7 Qd5 71. Qc7 Qa8+ 72. Kb5
Qd5+ 73. Qc5 Qd7+ 74. Ka6 Qa4+ 75. Qa5 Qc4+ 76. Ka7 Qd4 77. Qb5 g5 78. Ka6 Qa1+
79. Qa5 Qf1+ 80. Ka7 Qf2 81. Ka8 g4 82. b7 g3 83. b8=Q g2 84. Qb1+ Kg7 85. Qa7
Qf3+ 86. Kb8 Qf1 87. Qg1 Qe2 88. Ka7 Qd2 89. Qb5 Qa2+ 90. Kb7 Qa4 1-0

[Event "24th Abu Dhabi Masters"]
[Site "Abu Dhabi UAE"]
[Date "2017.08.17"]
[Round "4.45"]
[White "Suleymanli, Aydin"]
[Black "Hakobyan, Eduard"]
[Result "1-0"]
[WhiteTitle "CM"]
[WhiteElo "2328"]
[BlackElo "2164"]
[WhiteFideId "13413937"]
[BlackFideId "13310860"]
[EventDate "2017.08.14"]

1. d4 d5 2. c4 c6 3. Nf3 Nf6 4. e3 Bf5 5. Nc3 e6 6. Bd3 Bxd3 7. Qxd3 Bb4 8. O-O
Nbd7 9. a3 Be7 10. e4 dxe4 11. Nxe4 Nxe4 12. Qxe4 Qa5 13. Bd2 Qh5 14. Bb4 Rd8
15. Rfe1 a5 16. Bxe7 Kxe7 17. Qf4 Rc8 18. d5 cxd5 19. cxd5 Qxd5 20. Rad1 Qc6 21.
Nd4 Qc7 22. Qg5+ Kf8 23. Nf5 1-0

[Event "24th Abu Dhabi Masters"]
[Site "Abu Dhabi UAE"]
[Date "2017.08.17"]
[Round "4.46"]
[White "Priyanka, Nutakki"]
[Black "Sangma, Rahul"]
[Result "0-1"]
[BlackTitle "IM"]
[WhiteElo "2160"]
[BlackElo "2325"]
[WhiteFideId "25049615"]
[BlackFideId "5013615"]
[EventDate "2017.08.14"]

1. e4 e5 2. Nf3 Nc6 3. Bb5 Nge7 4. O-O g6 5. c3 Bg7 6. d4 exd4 7. cxd4 a6 8. Ba4
b5 9. Bc2 O-O 10. Nc3 d5 11. exd5 Nxd5 12. Bg5 Nxc3 13. bxc3 Qd6 14. Nd2 Qd5 15.
Bf4 Bf5 16. Bb3 Qd7 17. Qf3 Rae8 18. Qg3 b4 19. Ba4 Nxd4 20. cxd4 Qxa4 21. Nb3
Re2 22. Bxc7 Rxa2 23. Rxa2 Qxa2 24. Bd6 Rc8 25. Bxb4 Be6 26. Rc1 Rxc1+ 27. Nxc1
Qc2 28. Qb8+ Bc8 29. Nd3 Bf8 30. Ne1 Qb1 31. Qxc8 Qxb4 32. Kf1 Qb5+ 33. Kg1 a5
34. g3 a4 35. Nc2 Qd3 36. Qc6 a3 37. Qa4 Qc3 38. d5 Qb2 39. Kg2 a2 40. h3 Qxc2
41. Qxc2 a1=Q 0-1

[Event "24th Abu Dhabi Masters"]
[Site "Abu Dhabi UAE"]
[Date "2017.08.17"]
[Round "4.47"]
[White "Pujari, Rucha"]
[Black "Davtyan, Artur"]
[Result "1/2-1/2"]
[WhiteTitle "WIM"]
[BlackTitle "FM"]
[WhiteElo "2153"]
[BlackElo "2298"]
[WhiteFideId "5024528"]
[BlackFideId "13308327"]
[EventDate "2017.08.14"]

1. d4 d5 2. c4 e6 3. Nf3 Nf6 4. Nc3 Be7 5. Bf4 O-O 6. e3 Nbd7 7. c5 c6 8. h3 h6
9. Bd3 b6 10. b4 a5 11. a3 Ba6 12. Bxa6 Rxa6 13. b5 cxb5 14. c6 Qc8 15. c7 b4
16. Nb5 a4 17. Qc1 Ne4 18. Qc6 Ndc5 19. O-O Nb3 20. Ne5 Na5 21. Qd7 Bf6 22. axb4
Bxe5 23. Qxc8 Rxc8 24. Bxe5 Nc4 25. Rfc1 Kf8 26. Ra2 f6 27. Bh2 Ke7 28. Kf1 Ned6
29. Nxd6 Nxd6 30. Bxd6+ Kxd6 31. b5 Ra5 32. Rc6+ Kd7 33. Rxb6 Rxc7 34. Ke2 Rca7
35. Kd2 Rc7 36. Ra6 Rxb5 37. R6xa4 Ke8 38. Ra8+ Kf7 39. R8a7 Rb2+ 40. Rxb2 Rxa7
41. f3 h5 42. Ke2 g5 43. Rd2 Kg6 44. e4 Ra4 45. Kf2 Ra3 46. Ke2 g4 47. hxg4 hxg4
48. Kf2 gxf3 49. gxf3 Kg5 50. exd5 exd5 51. Kg3 Ra4 52. Rd3 Kf5 53. Rd2 Ra1 54.
Rd3 Rb1 55. Rd2 Ra1 56. Rd3 Ra4 57. Rd1 Rb4 58. Rd3 Ra4 59. Rd1 Ra3 60. Rd2 Kg5
61. Rd1 Rb3 62. Rd2 f5 63. Ra2 Rd3 64. Ra4 f4+ 65. Kf2 Rd2+ 66. Ke1 Rc2 67. Ra5
Kh4 68. Rxd5 Kg3 69. Rc5 Rf2 70. Rc3 Rxf3 71. Rxf3+ Kxf3 72. d5 Kg2 73. d6 f3
74. d7 f2+ 75. Kd2 f1=Q 76. d8=Q Qf4+ 77. Kc2 Qc4+ 78. Kb2 1/2-1/2

[Event "24th Abu Dhabi Masters"]
[Site "Abu Dhabi UAE"]
[Date "2017.08.17"]
[Round "4.48"]
[White "Senthil, Maran K"]
[Black "Ashwath, R."]
[Result "1/2-1/2"]
[WhiteElo "2124"]
[BlackElo "2290"]
[WhiteFideId "25035681"]
[BlackFideId "5021049"]
[EventDate "2017.08.14"]

1. d4 d5 2. Nf3 Nf6 3. c4 e6 4. g3 dxc4 5. Bg2 Bd7 6. Ne5 Bc6 7. Nxc6 Nxc6 8. e3
Qd7 9. O-O Rd8 10. Qa4 Nb4 11. Qxd7+ Rxd7 12. Na3 c5 13. dxc5 Bxc5 14. Nxc4 Nd3
15. Bd2 Nxb2 16. Nxb2 Rxd2 17. Na4 b6 18. Nxc5 bxc5 19. Rfc1 O-O 20. Rxc5 g6 21.
a4 Rb8 22. h3 Rbb2 23. Rf1 Nd5 24. Bxd5 exd5 25. Ra5 Ra2 26. Rxa7 d4 1/2-1/2

[Event "24th Abu Dhabi Masters"]
[Site "Abu Dhabi UAE"]
[Date "2017.08.17"]
[Round "4.49"]
[White "Teh, Eu Wen Aron"]
[Black "Harshal, Shahi"]
[Result "1-0"]
[WhiteTitle "FM"]
[BlackTitle "FM"]
[WhiteElo "2276"]
[BlackElo "2130"]
[WhiteFideId "5704723"]
[BlackFideId "5048257"]
[EventDate "2017.08.14"]

1. d4 d5 2. c4 e6 3. Nc3 c6 4. e3 Nf6 5. Nf3 Nbd7 6. Qc2 Bd6 7. b3 O-O 8. Be2 b6
9. O-O Bb7 10. Bb2 Rc8 11. Rad1 Qe7 12. e4 dxe4 13. Nxe4 Nxe4 14. Qxe4 Nf6 15.
Qc2 c5 16. d5 exd5 17. cxd5 h6 18. Rfe1 Qd8 19. Qf5 Ra8 20. Bxf6 Qxf6 21. Qxf6
gxf6 22. Nh4 Bc8 23. Bd3 Rd8 24. Bf5 Bb7 25. Be4 Bc8 26. g3 b5 27. Kg2 a5 28.
Bf5 Bb7 29. Re4 h5 30. Re2 a4 31. Be4 axb3 32. axb3 Ra3 33. Re3 Bc8 34. Bf3 Be5
35. Bxh5 Bb7 36. Nf5 Bd4 37. Bxf7+ Kxf7 38. Re7+ Kf8 39. Rxb7 Rxd5 40. Ne7 Rg5
41. Nc6 Rxb3 42. Nxd4 cxd4 43. Rxd4 Re5 44. Rd8+ Re8 45. Rd6 Re7 46. Rxf6+ Kg7
47. Rbb6 Rb7 48. h4 Rxb6 49. Rxb6 b4 50. Kh3 Rb2 51. f4 b3 52. Kg4 Rb1 53. Kg5
b2 54. Rb7+ Kg8 55. g4 1-0

[Event "24th Abu Dhabi Masters"]
[Site "Abu Dhabi UAE"]
[Date "2017.08.17"]
[Round "4.50"]
[White "Rayes, Abdul Kader"]
[Black "Al Hosani, Omran"]
[Result "1-0"]
[BlackTitle "CM"]
[WhiteElo "2259"]
[BlackElo "2012"]
[WhiteFideId "7600801"]
[BlackFideId "9308733"]
[EventDate "2017.08.14"]

1. d4 Nf6 2. Nf3 g6 3. c4 Bg7 4. Nc3 d5 5. Qb3 dxc4 6. Qxc4 O-O 7. e4 Nc6 8. Be2
e5 9. dxe5 Ng4 10. O-O Ngxe5 11. Nxe5 Nxe5 12. Qb3 c6 13. Bf4 Qe7 14. Rad1 Be6
15. Qc2 Rfd8 16. h3 Rxd1 17. Rxd1 Rd8 18. Be3 Rxd1+ 19. Qxd1 b5 20. a3 a5 21.
Bb6 a4 22. f4 Nc4 23. Bxc4 Bxc4 24. e5 g5 25. Qd6 Qxd6 26. exd6 Bxc3 27. bxc3
Be6 28. fxg5 Kg7 29. Kf2 Kg6 30. Ke3 Kxg5 31. Ke4 Bd7 32. Bd8+ f6 33. Kd4 Kf5
34. Kc5 Ke6 35. Be7 f5 36. Bg5 Be8 37. Bh6 Kd7 38. g3 Ke6 39. Bf4 Kd7 40. Kd4
Ke6 41. h4 Bd7 42. h5 Be8 43. h6 Bf7 44. Kc5 Kd7 45. Bg5 Bd5 46. Be7 Ke6 47. Bd8
Kd7 48. Ba5 Bf7 49. Bb4 Be8 50. Kd4 Ke6 51. c4 bxc4 52. Kxc4 Kd7 53. Bc5 Bf7+
54. Kd4 Ke6 55. Ke3 Be8 56. Kf4 Kd5 57. Kxf5 Kxc5 58. Ke6 Bh5 59. Ke7 Bg4 60. d7
Bxd7 61. Kxd7 Kd5 62. g4 Ke5 63. Kxc6 Kf4 64. Kb5 Kxg4 65. Kxa4 Kg5 66. Kb5 Kxh6
67. a4 Kg5 68. a5 h5 69. a6 h4 70. a7 Kg4 71. a8=Q Kg3 72. Qh1 h3 73. Kc4 h2 74.
Kd4 Kh3 75. Ke3 Kg3 76. Ke4 Kh3 1-0

[Event "24th Abu Dhabi Masters"]
[Site "Abu Dhabi UAE"]
[Date "2017.08.17"]
[Round "4.51"]
[White "Eynullayev, Altay"]
[Black "Phadke, Sohan"]
[Result "0-1"]
[WhiteTitle "FM"]
[BlackTitle "FM"]
[WhiteElo "2255"]
[BlackElo "2111"]
[WhiteFideId "13413562"]
[BlackFideId "5016223"]
[EventDate "2017.08.14"]

1. d4 f5 2. Nf3 e6 3. g3 Nf6 4. Bg2 d5 5. O-O Bd6 6. c4 O-O 7. Nc3 c6 8. Qc2 Qe7
9. Bg5 h6 10. Bf4 Bxf4 11. gxf4 Nbd7 12. c5 Nh5 13. e3 g5 14. Ne2 Kh8 15. b4 Rg8
16. Kh1 gxf4 17. exf4 Ndf6 18. Rg1 Ng4 19. Raf1 Bd7 20. h3 Raf8 21. Qc3 Be8 22.
hxg4 fxg4 23. Nh2 Nxf4 24. Nxf4 Rxf4 25. Qe3 Qf6 26. Qe5 Qxe5 27. dxe5 h5 28.
Re1 Rgf8 29. Rgf1 Bg6 30. Re3 Rxf2 31. Kg1 Rxf1+ 32. Bxf1 a6 33. Rb3 Rf4 34. a3
Kg7 35. Kg2 h4 36. Bd3 Bxd3 37. Rxd3 Kg6 38. Nf1 Kf5 39. Re3 Re4 40. Kf2 d4 41.
Rd3 Kxe5 42. Nd2 Rf4+ 43. Ke2 Kd5 44. Nf1 Re4+ 45. Kf2 e5 46. Rd1 g3+ 47. Kf3
Rf4+ 48. Kg2 Kc4 49. Nd2+ Kd5 50. Nf3 Re4 51. Nd2 Re2+ 52. Kf3 Rf2+ 53. Kg4 e4
54. Kxh4 g2 55. Kg3 Rxd2 0-1

[Event "24th Abu Dhabi Masters"]
[Site "Abu Dhabi UAE"]
[Date "2017.08.17"]
[Round "4.52"]
[White "Alothman, Abdul Wahab"]
[Black "Dileep, Kumar R"]
[Result "0-1"]
[WhiteTitle "CM"]
[WhiteElo "2047"]
[BlackElo "2234"]
[WhiteFideId "10300015"]
[BlackFideId "25014927"]
[EventDate "2017.08.14"]

1. d4 d5 2. Nf3 Nf6 3. c4 c6 4. Nc3 e6 5. e3 Nbd7 6. Bd3 dxc4 7. Bxc4 b5 8. Bd3
Bd6 9. e4 e5 10. O-O O-O 11. Bg5 exd4 12. Nxd4 Ne5 13. Bc2 Bc5 14. Nb3 Bb6 15.
Qxd8 Rxd8 16. Rad1 Be6 17. Rxd8+ Rxd8 18. Rd1 Rxd1+ 19. Nxd1 a5 20. Be3 Bxe3 21.
Nxe3 a4 22. Nd4 Bxa2 23. f4 Nfg4 24. Nxg4 Nxg4 25. Nxc6 Ne3 26. Nb4 Bc4 27. Kf2
Nxc2 28. Nxc2 Bd3 29. Nb4 Bxe4 30. g3 f5 31. Ke3 Kf7 32. Kd4 g5 33. fxg5 Kg6 34.
Kc5 Kxg5 35. Kxb5 Kg4 36. Kxa4 Kh3 37. Na2 Kxh2 38. Nc3 Kxg3 39. b4 Ba8 0-1

[Event "24th Abu Dhabi Masters"]
[Site "Abu Dhabi UAE"]
[Date "2017.08.17"]
[Round "4.53"]
[White "Aditya, Mittal"]
[Black "Llano Olabarrieta, Joseba"]
[Result "1-0"]
[WhiteTitle "CM"]
[WhiteElo "2236"]
[BlackElo "2135"]
[WhiteFideId "35042025"]
[BlackFideId "32018240"]
[EventDate "2017.08.14"]

1. d4 Nf6 2. c4 e6 3. Nc3 Bb4 4. f3 O-O 5. a3 Bxc3+ 6. bxc3 Nc6 7. e4 e5 8. Be3
d6 9. Bd3 Nd7 10. Ne2 Na5 11. Ng3 Nb6 12. Qe2 Qe8 13. O-O Na4 14. Qc2 Nb6 15.
Qe2 Na4 16. Rae1 c5 17. d5 b6 18. f4 Nxc3 19. Qc2 Na4 20. f5 f6 21. Be2 Bd7 22.
Bd2 Qd8 23. Rf3 Kf7 24. Nh5 Rg8 25. Rg3 Rb8 26. Qd3 b5 27. Nxg7 Rxg7 28. Bh5+
Kg8 29. Bh6 Rg5 30. h4 bxc4 31. hxg5 fxg5 32. Qd2 c3 33. Qxg5+ Qxg5 34. Rxg5+
Kh8 35. Bg7+ Kg8 36. Bxe5+ 1-0

[Event "24th Abu Dhabi Masters"]
[Site "Abu Dhabi UAE"]
[Date "2017.08.17"]
[Round "4.54"]
[White "Mithil, Ajgaonkar"]
[Black "Kavinda, Akila"]
[Result "1-0"]
[WhiteElo "2224"]
[BlackElo "2124"]
[WhiteFideId "5017343"]
[BlackFideId "9901302"]
[EventDate "2017.08.14"]

1. d4 g6 2. c4 Bg7 3. g3 f5 4. Bg2 Nf6 5. Nf3 O-O 6. b3 c5 7. Bb2 Ne4 8. O-O Nc6
9. e3 d6 10. Nc3 Nxc3 11. Bxc3 e5 12. dxc5 dxc5 13. Qd5+ Kh8 14. Qxc5 Qe8 15.
Rad1 a5 16. Qa3 e4 17. Nd4 Ne5 18. Nb5 Qf7 19. Rd5 Ng4 20. Nd6 Qc7 21. Nxe4 Be6
22. Qd6 Qc8 23. Bxg7+ Kxg7 24. Rc5 Qe8 25. Rc7+ Kg8 26. Re7 1-0